[Event "SVK-chT2A 2122"]
[Site "Slovakia"]
[Date "2022.03.05"]
[Round "5.7"]
[White "Podjavorinsky, Michal"]
[Black "Kison, Jan"]
[Result "1-0"]
[WhiteElo "1951"]
[BlackElo "1596"]
[PlyCount "69"]
[EventDate "2021.10.16"]
[EventType "team-tourn"]
[EventRounds "11"]
[EventCountry "SVK"]
[SourceTitle "EXT 2023"]
[Source "ChessBase"]
[SourceDate "2022.10.05"]
[SourceVersion "1"]
[SourceVersionDate "2022.10.05"]
[SourceQuality "1"]
[WhiteTeam "Piestany Kupele"]
[BlackTeam "Modra II"]
[WhiteTeamCountry "SVK"]
[BlackTeamCountry "SVK"]

1. e4 e5 2. Nf3 Nc6 3. d4 d6 4. Bc4 Be7 5. c3 Bg4 6. Qa4 Bxf3 7. gxf3 Nf6 8. d5 a6 9. dxc6 b5 10. Bxb5 axb5 11. Qxb5 0-0 12. a4 Qc8 13. a5 Qh3 14. Qe2 Qg2 15. Rf1 Qxh2 16. Be3 h5 17. a6 h4 18. Na3 h3 19. Kd2 Nh5 20. Rh1 Nf4 21. Rxh2 Nxe2 22. Kxe2 Rxa6 23. Rxh3 Rxc6 24. Rah1 f6 25. Rh8+ Kf7 26. Rxf8+ Kxf8 27. Rh8+ Kf7 28. Rc8 Ke6 29. Nc2 Kd7 30. Rg8 g5 31. Nb4 Rc4 32. Kd3 d5 33. Nxd5 Ra4 34. Rg7 c6 35. Nb6+ 1-0

[Event "Pobeskydy op"]
[Site "Frydek Mistek"]
[Date "2017.04.14"]
[Round "4"]
[White "Svanda, Ondrej"]
[Black "Kison, Jan"]
[Result "1-0"]
[WhiteElo "2042"]
[BlackElo "1672"]
[PlyCount "55"]
[EventDate "2017.04.13"]
[EventType "swiss"]
[EventRounds "9"]
[EventCountry "CZE"]
[SourceTitle "CBM 177 Extra"]
[Source "ChessBase"]
[SourceDate "2017.04.27"]
[SourceVersion "1"]
[SourceVersionDate "2017.04.27"]
[SourceQuality "1"]

1. e4 c5 2. Nc3 Nc6 3. f4 e6 4. Nf3 d6 5. Bb5 a6 6. Bxc6+ bxc6 7. 0-0 Rb8 8. d3 Be7 9. Re1 Nf6 10. e5 Nd7 11. exd6 Bxd6 12. Ne4 Be7 13. b3 Nf6 14. Bb2 Nxe4 15. Rxe4 0-0 16. Ne5 Qc7 17. Nc4 Qd8 18. Qf3 Bf6 19. Ne5 Bxe5 20. fxe5 Rb4 21. c4 Qa5 22. Bc3 Qa3 23. Bxb4 Qb2 24. Rf1 cxb4 25. Rf4 Qxe5 26. Rxf7 Qd4+ 27. Kh1 Qd8 28. Rxf8+ 1-0